000 00809nac a22002171u 4500
020 _a0415129745
082 _a658.81
_bMAN
090 _c9388
_d9388
100 _a20080729
245 _aThe management of sales and customer relations:
_bbook of readings /
_cedited by Bob Hartley
260 _aLondon :
_bInternational Thomson Business Press, 1996.
_c1996
300 _axiii, 351 p. :
_b ill. ;
_c 24 cm.
500 _adistributer: Al-Ahram
504 _aIncludes bibliographical references and index.
511 _acatalogued by: wessam
650 _aSales management
700 _aHartley, Bob
700 _aStarkey, Michael W.
942 _cBB
_k658.81MAN
999 _c9388
_d9388